000 00488nam a2200157 i 4500
001 83189
003 ES-MaACL
005 20230906174806.0
007 t|
008 041115s1970 sp ||||1| spa d
245 0 0 _aReseña estadística de la provincia de Lérida /
_cInstituto Nacional de Estadística.
260 _a[Madrid :
_bs.n.,
_c1970]
300 _aVIII, 217 p. ;
_c27 cm.
710 2 _aInstituto Nacional de Estadística (España)
_95162
852 _aES-MaACL
_jC-41389
_bR.74313
999 _c83189
_d83189